al-Uṣūlīya ad-dīnīya fi 'l-ǧaiš al-isrāʾīlī: al-asbāb wa-'t-tadāʿīyāt ʿala 'd-dīmūqrāṭīya fī Isrāʾīl, 1995-2014 = Religion fundamentalism in the Israeli army : factors and impacts on the democracy in Israel, 1995-2014
الأصولية الدينية في الجيش الإسرائيلي الأسباب والتداعيات على الديمقراطية في إسرائيل، 1995-2014
| Subtitles: | Religion fundamentalism in the Israeli army al-Uṣūlīyah al-dīnīyah fī al-jaish al-Isrāʾīlī$dal-asbāb wa-al-tadāʿīyāt ʿalá al-dīmūqrāṭīyah fī Isrāʾīl, 1995-2014 |
|---|---|
| Main Author: | |
| Format: | Print Book |
| Language: | Arabic |
| Subito Delivery Service: | Order now. |
| Check availability: | HBZ Gateway |
| WorldCat: | WorldCat |
| Interlibrary Loan: | Interlibrary Loan for the Fachinformationsdienste (Specialized Information Services in Germany) |
| Published: |
Bairūt, Lubnān
Markaz az-Zaitūna li-d-Dirāsāt wa-'l-Istišārāt
1439h = 2018
|
| In: | Year: 2018 |
| Edition: | aṭ-Ṭabʿa al-ūlā |
| Standardized Subjects / Keyword chains: | B
Israel
/ Army
/ Soldier
/ Religious life
/ Fundamentalism
/ History 1995-2014
|
| Further subjects: | B
Democracy (Israel)
B Religion and state (Israel) B Israel Armed Forces Religious life B Religion And Politics (Israel) B Military law (Jewish law) B Democracy Religious aspects Judaism B Thesis |
MARC
| LEADER | 00000cam a2200000 c 4500 | ||
|---|---|---|---|
| 001 | 1025688333 | ||
| 003 | DE-627 | ||
| 005 | 20210705160633.0 | ||
| 007 | tu | ||
| 008 | 180704s2018 le ||||| m 00| ||ara c | ||
| 020 | |a 9953572682 |c : pbk |9 9953-572-68-2 | ||
| 020 | |a 9789953572680 |c : pbk |9 978-9953-572-68-0 | ||
| 035 | |a (DE-627)1025688333 | ||
| 035 | |a (DE-599)GBV1025688333 | ||
| 035 | |a (OCoLC)1158552996 | ||
| 040 | |a DE-627 |b ger |c DE-627 |e rda | ||
| 041 | |a ara | ||
| 044 | |c XB-LB | ||
| 050 | 0 | |a BM727.5 | |
| 050 | 0 | |a UA853.I8 | |
| 084 | |a 0 |2 ssgn | ||
| 084 | |a NAHOST |q DE-3 |2 fid | ||
| 084 | |a 15.76 |2 bkl | ||
| 084 | |a 89.80 |2 bkl | ||
| 100 | 1 | |6 880-01 |e VerfasserIn |0 (DE-588)1190756420 |0 (DE-627)1669328139 |4 aut |a Ġānim, Qutaiba Walīd | |
| 109 | |a Ġānim, Qutaiba Walīd |a Ghānim, Qutaybah Walīd |a Ghanim, Qutaiba Waleed | ||
| 245 | 1 | 3 | |6 880-01 |a al-Uṣūlīya ad-dīnīya fi 'l-ǧaiš al-isrāʾīlī |b al-asbāb wa-'t-tadāʿīyāt ʿala 'd-dīmūqrāṭīya fī Isrāʾīl, 1995-2014 = Religion fundamentalism in the Israeli army : factors and impacts on the democracy in Israel, 1995-2014 |c taʾlīf Qutaiba Walīd Ġānim |
| 246 | 3 | 1 | |a Religion fundamentalism in the Israeli army |b factors and impacts on the democracy in Israel, 1995-2014 |
| 246 | 3 | 3 | |a al-Uṣūlīyah al-dīnīyah fī al-jaish al-Isrāʾīlī$dal-asbāb wa-al-tadāʿīyāt ʿalá al-dīmūqrāṭīyah fī Isrāʾīl, 1995-2014 |
| 250 | |6 880-01 |a aṭ-Ṭabʿa al-ūlā | ||
| 264 | 1 | |6 880-01 |a Bairūt, Lubnān |b Markaz az-Zaitūna li-d-Dirāsāt wa-'l-Istišārāt |c 1439h = 2018 | |
| 300 | |a 160 Seiten |c 24 cm | ||
| 336 | |a Text |b txt |2 rdacontent | ||
| 337 | |a ohne Hilfsmittel zu benutzen |b n |2 rdamedia | ||
| 338 | |a Band |b nc |2 rdacarrier | ||
| 500 | |a Literaturverzeichnis: Seite 145-151 | ||
| 502 | |b Magisterarbeit |c Ǧāmiʿat al-Quds |d 2015 | ||
| 546 | |a In arabischer Schrift, arabisch | ||
| 601 | |a Religion | ||
| 601 | |a Israeli | ||
| 650 | 0 | |a Military law (Jewish law) | |
| 650 | 0 | |a Religion And Politics |z Israel | |
| 650 | 0 | |a Religion and state |z Israel | |
| 650 | 0 | |a Democracy |x Religious aspects |x Judaism | |
| 650 | 0 | |a Democracy |z Israel | |
| 651 | 0 | |a Israel |x Armed Forces |x Religious life | |
| 655 | 7 | |a Hochschulschrift |0 (DE-588)4113937-9 |0 (DE-627)105825778 |0 (DE-576)209480580 |2 gnd-content | |
| 689 | 0 | 0 | |d g |0 (DE-588)4027808-6 |0 (DE-627)104767804 |0 (DE-576)208972358 |2 gnd |a Israel |
| 689 | 0 | 1 | |d s |0 (DE-588)4143024-4 |0 (DE-627)105608637 |0 (DE-576)209723262 |2 gnd |a Armee |
| 689 | 0 | 2 | |d s |0 (DE-588)4055409-0 |0 (DE-627)104688963 |0 (DE-576)209113723 |2 gnd |a Soldat |
| 689 | 0 | 3 | |d s |0 (DE-588)4115741-2 |0 (DE-627)10581203X |0 (DE-576)209495677 |2 gnd |a Religiöses Leben |
| 689 | 0 | 4 | |d s |0 (DE-588)4137178-1 |0 (DE-627)104458224 |0 (DE-576)209675438 |2 gnd |a Fundamentalismus |
| 689 | 0 | 5 | |q z |2 gnd |a Geschichte 1995-2014 |
| 689 | 0 | |5 (DE-627) | |
| 751 | |a Jerusalem |0 (DE-588)4028586-8 |0 (DE-627)104653779 |0 (DE-576)208978097 |4 uvp | ||
| 880 | 1 | |6 100-01/Arab/r |a غانم, قتيبة وليد |e VerfasserIn |0 (DE-588)1190756420 |0 (DE-627)1669328139 |4 aut | |
| 880 | 1 | 2 | |6 245-01/Arab/r |a الأصولية الدينية في الجيش الإسرائيلي |b الأسباب والتداعيات على الديمقراطية في إسرائيل، 1995-2014 |c تأليف قتيبة وليد غانم |
| 880 | |6 250-01/Arab/r |a الطبعة الأولى | ||
| 880 | 1 | |6 264-01/Arab/r |a بيروت، لبنان |b مركز الزيتونة للدراسات والاستشارات |c 1439h = 2018 | |
| 936 | b | k | |a 15.76 |j Vorderer und mittlerer Orient |x Geschichte |0 (DE-627)181571064 |
| 936 | b | k | |a 89.80 |j Militärwesen: Allgemeines |0 (DE-627)106413740 |
| 951 | |a BO | ||
| ELC | |b 1 | ||
| ORI | |a SA-MARC-ixtheo_oa001.raw | ||
| REL | |a 1 | ||
| STA | 0 | 0 | |a Army,Fundamentalism,Fundamentalism,Israel,Israel,Israel,Israel,Northern Israel,Religious life,Religious life and customs,Soldier,Soldier,Soldiers in literature |
| STB | 0 | 0 | |a Armée,Fondamentalisme,Fondamentalisme,Israël,Israël,Soldat,Soldat,Vie religieuse |
| STC | 0 | 0 | |a Fuerzas Armadas,Fundamentalismo,Fundamentalismo,Israel,Israel,Soldado,Soldado,Vida religiosa |
| STD | 0 | 0 | |a Esercito,Forze armate,Forze armate,Integralismo <motivo>,Integralismo,Fondamentalismo,Fondamentalismo,Fondamentalismo (motivo),Fondamentalismo,Israele,Israele,Soldato,Soldato,Vita religiosa |
| STE | 0 | 0 | |a 以色列,基要主义,基要主义,基本教义派,原教旨主义,基本教义派,原教旨主义,士兵,士兵,军人,军人,宗教生活,宗教生命,集团军,野战军 |
| STF | 0 | 0 | |a 以色列,基要主義,基要主義,基本教義派,原教旨主義,基本教義派,原教旨主義,士兵,士兵,軍人,軍人,宗教生活,宗教生命,集團軍,野戰軍 |
| STG | 0 | 0 | |a Forças Armadas,Fundamentalismo,Fundamentalismo,Israel,Israel,Soldado,Soldado,Vida religiosa |
| STH | 0 | 0 | |a Армия,Израиль (мотив),Израиль (богословие),Религиозная жизнь,Солдат (мотив),Солдат,Фундаментализм (мотив),Фундаментализм |
| STI | 0 | 0 | |a Θρησκευτική ζωή,Ισραήλ (μοτίβο),Ισραήλ (θεολογία),Στρατιώτης (μοτίβο),Στρατιώτης,Στρατός,Στράτευμα,Φονταμενταλισμός <μοτίβο>,Φονταμενταλισμός,Θεμελιωτισμός,Θεμελιωτισμός (μοτίβο) |
| SUB | |a REL | ||
| SYF | 0 | 0 | |a Israel , Medinat Jisrael,Yiśraʾel,Ereṣ Yiśraʾel,Israël,Etat d'Israël,State of Israel,Yiśrāʾēl,Ereṣ Yiśrāʾēl,Medînat Yiśrā'ēl,Isrāʾīl,Izrael , Israel,Israel,Isrā'īl al-Kaskari |
| SYG | 0 | 0 | |a Israel , Medinat Jisrael,Yiśraʾel,Ereṣ Yiśraʾel,Israël,Etat d'Israël,State of Israel,Yiśrāʾēl,Ereṣ Yiśrāʾēl,Medînat Yiśrā'ēl,Isrāʾīl,Izrael , Israel,Israel,Isrā'īl al-Kaskari , Armeen , Legionär,Soldaten , Religiöser Fundamentalismus,Religion |
| TIM | |a 100019950101_100020141231 |b Geschichte 1995-2014 | ||



